| Tag |
First Indicator |
Second Indicator |
Subfields |
| LEADER |
00000cam a2200000 4500 |
| 001 |
in00000058973 |
| 005 |
20151008051011.0 |
| 008 |
720713s1954 eng u |
| 010 |
|
|
|a 54011306
|
| 035 |
|
|
|a (OCoLC)00355673
|
| 035 |
|
|
|9 AAG4909AM
|
| 040 |
|
|
|c ANC
|d OCL
|d TXA
|d UtOrBLW
|
| 049 |
|
|
|a TXAM
|c [236228]
|
| 050 |
|
0 |
|a BL48
|b .K47
|
| 092 |
|
|
|a 290
|b K49s
|
| 100 |
1 |
|
|a Kimpel, Ben,
|d 1905-
|
| 245 |
1 |
4 |
|a The symbols of religious faith ;
|b a preface to an understandng of the nature of religion.
|
| 264 |
|
1 |
|a New York :
|b Philosophical Library,
|c [1954]
|
| 300 |
|
|
|a 198p. ;
|c 22 cm.
|
| 336 |
|
|
|a text
|b txt
|2 rdacontent
|
| 337 |
|
|
|a unmediated
|b n
|2 rdamedia
|
| 338 |
|
|
|a volume
|b nc
|2 rdacarrier
|
| 650 |
|
0 |
|a Religion.
|
| 999 |
|
|
|a MARS
|
| 999 |
f |
f |
|s 70616611-0432-35e6-8cb5-e4fdd7ea4547
|i 149b6d3a-2e5b-3db0-8d93-58a7c7471a75
|t 0
|
| 952 |
f |
f |
|p normal
|a Texas A&M University
|b College Station
|c Sterling C. Evans Library
|d Evans: Library Stacks
|t 0
|e BL48 .K47
|h Library of Congress classification
|i unmediated -- volume
|m A14800626552
|
| 998 |
f |
f |
|a BL48 .K47
|t 0
|l Evans: Library Stacks
|